Quizzes
Events
Quiz Creation
Community
Videos
Private Events
Remove Ads
Sign In
Join for FREE
Feedback
Dark Mode
Quiz Categories
Sports
Geography
Music
Movies
Television
Just For Fun
Miscellaneous
History
Literature
Language
Science
Gaming
Entertainment
Religion
Holiday
For Kids
Quiz Lab
Recent
Popular Today
Quiz Kudos Today
Editor Picks
Curator Picks
Quizzes by...
Day
Popularity
Type
Ratings
Length
Year
Community
Subscriptions
Recent Discussions
Orange Saloon
Badges
Playlists
Quests
Create
Leaderboards
Showdown
Live 5
Trivia Bingo
Activity
Puzzle Library
Sporcle Events
Private Events
Virtual Trivia
Globe League
Become a Host
Pub Owners
SporcleCon
Opinionation
Our Games
Videos
Blog
Mobile Apps
Partnerships
Remove Ads and Go Orange
Feedback
Sports
Athletes
MLB
NBA
NHL
NFL
Soccer
Sports Teams
WWE
NCAA
Football
Premier League
Basketball
Baseball
Hockey
Golf
Tennis
Cricket
Rugby
Auto Racing
Olympics
World Cup
Sports
Athletes
MLB
NBA
NHL
NFL
Soccer
Sports Teams
WWE
NCAA
Football
Premier League
Basketball
Baseball
Hockey
Golf
Tennis
Cricket
Rugby
Auto Racing
Olympics
World Cup
Random Quiz
Search Sporcle
×
Quiz Lab
Quiz Lab
Sports
NFL
Type in answers that appear in a list
Type in answers that appear in a list
Classic
Best Score? Go Orange.
NFL Leaders (2002) Stats
Can you name the NFL Leaders (2002)?
By
brewkrewer
12m
152 Questions
121 Plays
121 Plays
121 Plays
Comments
Comments
Give Quiz Kudos
Give Quiz Kudos
-
- Ratings
hide this ad
Replay
Link that replays current quiz
Next Quiz
Link to next quiz in quiz playlist
You Got
0%
They Got
Avg Score
54%
Avg Friend Score
Upgrade to see
Score Distribution
Jump to the score distribution portion of the page
Score
0/152
Timer
12:00
0
Plays Today
% Correct
Peyton Manning
100%
Tom Brady
100%
Tom Brady
100%
Peyton Manning
100%
Brett Favre
95.9%
Brett Favre
95.9%
Jamal Lewis
95.9%
Michael L.Lewis
95.9%
Michael L.Lewis
95.9%
Michael L.Lewis
95.9%
Michael L.Lewis
95.9%
Ricky Williams
95%
LaDainian Tomlinson
95%
Ricky Williams
95%
LaDainian Tomlinson
95%
Moe Williams
95%
Randy Moss
95%
Santana Moss
95%
Karl Williams
95%
Jimmy Williams
95%
Santana Moss
95%
Jimmy Williams
95%
Karl Williams
95%
Rich Gannon
94.2%
Rich Gannon
94.2%
Brad Johnson
94.2%
Priest Holmes
94.2%
Priest Holmes
94.2%
Marvin Harrison
94.2%
Marvin Harrison
94.2%
Leon Johnson
94.2%
Daunte Culpepper
92.6%
Tiki Barber
92.6%
Fred Taylor
92.6%
Tiki Barber
92.6%
Jason Taylor
92.6%
Jason Taylor
92.6%
Steve McNair
90.9%
Steve McNair
90.9%
Trent Green
90.1%
Trent Green
90.1%
Hines Ward
90.1%
Terrell Owens
90.1%
Terrell Owens
90.1%
Hines Ward
90.1%
Michael Green
90.1%
Aaron Brooks
88.4%
Aaron Brooks
88.4%
Torry Holt
88.4%
Drew Bledsoe
86.8%
Kerry Collins
86.8%
% Correct
Drew Bledsoe
86.8%
Shaun Alexander
86%
Deuce McAllister
85.1%
Corey Dillon
85.1%
Deuce McAllister
85.1%
Chad Pennington
82.6%
Brian Urlacher
82.6%
Clinton Portis
80.2%
Clinton Portis
80.2%
Amani Toomer
80.2%
Joe Horn
80.2%
Amani Toomer
80.2%
Donald Driver
78.5%
Simeon Rice
77.7%
Simeon Rice
77.7%
Eddie George
75.2%
Plaxico Burress
74.4%
Dwight Freeney
74.4%
Dwight Freeney
74.4%
Steve Smith
68.6%
Steve Smith
68.6%
Zach Thomas
68.6%
Travis Henry
66.9%
Travis Henry
66.9%
Eric Moulds
66.9%
Eric Moulds
66.9%
Laveranues Coles
65.3%
Dante Hall
64.5%
Dante Hall
64.5%
Dante Hall
64.5%
Dante Hall
64.5%
Rod Woodson
62%
Andre Davis
58.7%
Julius Peppers
53.7%
Julius Peppers
53.7%
Michael Strahan
52.9%
Wayne Chrebet
45.5%
Keith Brooking
40.5%
Jerry Porter
38%
Peerless Price
38%
Darren Sharper
38%
Andre Carter
36.4%
Al Wilson
31.4%
Leonard Little
31.4%
Leonard Little
31.4%
Brian Kelly
25.6%
Brian Dawkins
25.6%
Hugh Douglas
24%
Nate Clements
22.3%
Rod Gardner
20.7%
Antwaan Randle El
20.7%
% Correct
Donnie Edwards
20.7%
Kabeer Gbaja-Biamila
20.7%
Chad Morton
19.8%
Chad Morton
19.8%
Donte' Stallworth
19%
Keith Bulluck
19%
Brian Mitchell
18.2%
Brian Mitchell
18.2%
Brian Mitchell
18.2%
Mike Peterson
18.2%
Patrick Surtain
16.5%
Az-Zahir Hakim
15.7%
Tony Parrish
14.9%
Allen Rossum
14%
Allen Rossum
14%
Allen Rossum
14%
Charlie Rogers
13.2%
Maurice Morris
13.2%
Charlie Rogers
13.2%
MarTay Jenkins
11.6%
LaVar Arrington
9.9%
Terrence Wilkins
9.1%
Rod Coleman
9.1%
Dennis Northcutt
8.3%
Dennis Northcutt
8.3%
Brandon Bennett
7.4%
Brandon Bennett
7.4%
Marc Boerigter
6.6%
Dre' Bly
6.6%
Phillip Buchanon
6.6%
Adam Archuleta
6.6%
Troy Walters
5.8%
Reggie Swinton
5.8%
Avion Black
5.8%
Eddie Drummond
5.8%
Bobby Engram
5.8%
Jay Foreman
5%
Edgerton Hartwell
5%
Lance Schulters
5%
Travis Minor
4.1%
Woody Dantzler
4.1%
Bobby Shaw
3.3%
Bobby Shaw
3.3%
Chad Bratzke
3.3%
Marion McCree
2.5%
Terry Kirby
1.7%
Lamont Brightful
1.7%
Terry Kirby
1.7%
Greg Wesley
1.7%
Mark Fields
1.7%
Quiz Playlist
Details
Report
Send in Message
Add To Playlist
Classic:
Type in answers that appear in a list
Last Updated: Feb 16, 2017
Quiz Scoreboard
CHALLENGE
Sign Up to Join the Scoreboard
Show All
Scores
Hide
Comments
May contain spoilers
Recently Published
NBA Finals Game Top Scorers (2010s)
by flibbidy
Sports
5m
Guess the 'R' Things in 3 Words
by MSUKent
Miscellaneous
3m
Actor to Badly Drawn Movie III
by MoMosMoProblems
Movies
5m
More to Explore
Quiz From the Vault
Featured Blog Post
Where Does Lost Luggage Go?
hide this ad
You Might Also Like...
Tags
NFL Quiz
2002
Receiving Yards
season
TD Leaders
Today's Top Quizzes in Sports
Browse Sports
hide this ad
Today's Top Quizzes in NFL
Browse NFL
Top Contributed Quizzes in Sports
1
Les joueurs à 100 buts en Ligue 1 Uber Eats
2
2022 World Cup Stars
3
2024 March Madness Bracket
4
Millionaire: NBA Finals Edition
5
Players with Multiple 50 Home Run Seasons
6
Nickname Match: Athletes VI
7
Criteria MLB: Left Handed Sluggers
8
Iconic Moments in Football - Multiple Choice
9
NFL MVPs ordered
10
First NBA MVP by Team
Explore More
Trending Topics
Anime
Kpop
Marvel
Disney
Crossword
Harry Potter
NBA
Country
Puzzle
WWE
Pokémon
The Office
NFL
Soccer
Song
hide this ad
More By:
brewkrewer
Quiz
Plays
Rating
Category
Featured
Created
Baltimore Ravens Starting Lineups Since 2002
628
5.00
Sports
Feb 22, 2012
WWE Superstars That Wrestled Against Edge in 2011
489
5.00
Sports
Jan 14, 2012
MLB Leaders (1996)
473
4.20
Sports
Feb 14, 2012
MLB Leaders (1977)
421
3.83
Sports
Feb 13, 2012
San Jose Sharks Rosters Since 2002
386
2.33
Sports
Mar 2, 2012
Go to Creator's Profile
Score Distribution
Quiz Creator Spotlight
brewkrewer
Follow
Send a Message
Quizzes Created
-
Created Quiz Play Count
-
More By This Creator
Popular Quizzes Today
1
Find the US States - No Outlines Minefield
2
Find the US States
3
The Countries of the World
4
10 Largest US States in Order
5
Find the Countries of Europe - No Outlines Minefield
6
US States
7
Guess the 'R' Things in 3 Words
8
NBA Finals Game Top Scorers (2010s)
More Sports Quizzes
Scottish Soccer Players
Published
Trending Quizzes
First Name TV: Leading Men
Match the Book to the Film II
3-Word Movies in 1 Word II
First Name TV: Leading Women Drama
Match the Book to the Film VI
Recently Updated
Women's Final Four Teams by Year
bhenderson79
Presidents Quartet II
eogle
Anything But Clue(do)
eogle
Anything But Oceanian Capitals
eogle
Anything But 7
eogle
Anything But Thing
eogle
Word Ladder: February 29
pecheneg
Song Title Questions
pecheneg
Women's NCAA Tournament #1 Seeds
pecheneg
Celebrity Mug Shots
pecheneg
Trending Topics
Marvel
Kpop
Crossword
NBA
Disney
Harry Potter
Anime
The Office
NFL
Pokémon
Soccer
Song
Country
Puzzle
WWE
Your Account Isn't Verified!
In order to create a playlist on Sporcle, you need to verify the email address you used during registration. Go to your
Sporcle Settings
to finish the process.
Report this User
Report this user for behavior that violates our
Community Guidelines
.
Details:
Send Report
Go to the Sporcle.com Mobile Site →
Comments